000 01167nac a22002171u 4500
020 _a812032532x
082 0 0 _a005.4/476
_bG5584
090 _c545
_d545
100 _aGlenn, Walter J.
245 1 0 _aMCSE self-paced training kit (Exam 70-297) :
_bdesigning a Microsoft Windows Server 2003 active directory and network infrastructure /
_cWalter Glenn with Michael T. Simpson.
246 3 0 _aDesigning a Microsoft Windows Server 2003 active directory and network infrastructure
260 _aNew Delhi :
_bPrentice Hall of India,
_cc2004.
300 _a1 v. (various pagings) :
_bill. ;
_c24 cm. +
_e1 CD-ROM (4 3/4 in.)
500 _aIncludes index.
650 0 _aElectronic data processing personnel
_xCertification.
650 0 _aMicrosoft software
_xExaminations
_vStudy guides.
700 1 _aSimpson, Michael T.,
_d1954-
942 _cBB
_k005.4/476G5584
999 _c545
_d545